<?xml version="1.0" encoding="UTF-8"?><?xml-stylesheet type="text/xsl" href="static/style.xsl"?><OAI-PMH xmlns="http://www.openarchives.org/OAI/2.0/" xmlns:xsi="http://www.w3.org/2001/XMLSchema-instance" xsi:schemaLocation="http://www.openarchives.org/OAI/2.0/ http://www.openarchives.org/OAI/2.0/OAI-PMH.xsd"><responseDate>2026-06-05T13:34:53Z</responseDate><request verb="GetRecord" identifier="oai:riubu.ubu.es:10259/11169" metadataPrefix="marc">https://riubu.ubu.es/oai/request</request><GetRecord><record><header><identifier>oai:riubu.ubu.es:10259/11169</identifier><datestamp>2025-12-19T11:22:13Z</datestamp><setSpec>com_10259.4_104</setSpec><setSpec>com_10259_2604</setSpec><setSpec>com_10259_7354</setSpec><setSpec>com_10259_7353</setSpec><setSpec>col_10259_3696</setSpec><setSpec>col_10259_7386</setSpec></header><metadata><record xmlns="http://www.loc.gov/MARC21/slim" xmlns:doc="http://www.lyncode.com/xoai" xmlns:xsi="http://www.w3.org/2001/XMLSchema-instance" xmlns:dcterms="http://purl.org/dc/terms/" xsi:schemaLocation="http://www.loc.gov/MARC21/slim http://www.loc.gov/standards/marcxml/schema/MARC21slim.xsd">
<leader>00925njm 22002777a 4500</leader>
<datafield tag="042" ind1=" " ind2=" ">
<subfield code="a">dc</subfield>
</datafield>
<datafield tag="720" ind1=" " ind2=" ">
<subfield code="a">Alonso Tristán, Cristina</subfield>
<subfield code="e">author</subfield>
</datafield>
<datafield tag="720" ind1=" " ind2=" ">
<subfield code="a">García González, Rebeca</subfield>
<subfield code="e">author</subfield>
</datafield>
<datafield tag="720" ind1=" " ind2=" ">
<subfield code="a">García Rodríguez, Ana</subfield>
<subfield code="e">author</subfield>
</datafield>
<datafield tag="720" ind1=" " ind2=" ">
<subfield code="a">García Rodríguez, Sol</subfield>
<subfield code="e">author</subfield>
</datafield>
<datafield tag="260" ind1=" " ind2=" ">
<subfield code="c">2025-10</subfield>
</datafield>
<datafield tag="520" ind1=" " ind2=" ">
<subfield code="a">Este libro recoge los resúmenes de las comunicaciones presentadas en las XI Jornadas de Investigadoras de Castilla y León (España), la Aventura de la Ciencia y la Tecnología, organizadas por la Universidad de Burgos y celebradas en Burgos entre el 3 y 4 de abril de 2025, en colaboración con las universidades de León, Valladolid y Salamanca.&#xd;
&#xd;
Mediante la realización de estas Jornadas se quiere fomentar activamente la visibilidad y el reconocimiento de la labor de las mujeres en las disciplinas STEM (Science, Technology, Engineering and Mathematics), así como mostrar a las estudiantes más jóvenes el importante papel de investigadoras y científicas en las citadas disciplinas. En estas Jornadas han participado 6 ponentes senior, figuras de reconocido prestigio científico tanto a nivel nacional como internacional. Junto con ellas, han participado también jóvenes investigadoras y estudiantes de Grado y Máster.&#xd;
&#xd;
Las comunicaciones se presentaron mediante tres formatos: oral, póster y video, siendo retransmitidas a través del canal de YouTube. Además de las participantes universitarias, también han presentado sus trabajos en formato póster alumnos pertenecientes a varios Institutos de Castilla y León donde se cursa el Bachillerato de Investigación/Excelencia (BIE). Dicho Bachillerato constituye una opción educativa en el marco del bachillerato ordinario dirigida al alumnado interesado en profundizar en los diferentes métodos de investigación y en el análisis de los problemas propios de cualquier investigación.&#xd;
&#xd;
En esta última edición de las jornadas se introdujo como novedad la sección del Project Corner, un espacio clave para visibilizar proyectos de investigación liderados por mujeres, y financiados a nivel regional, nacional y europeo. Estos proyectos destacan la excelencia científica y la capacidad de liderazgo de las investigadoras de Castilla y León en la obtención y gestión de fondos.</subfield>
</datafield>
<datafield tag="024" ind2=" " ind1="8">
<subfield code="a">979-13-87585-17-4</subfield>
</datafield>
<datafield tag="024" ind2=" " ind1="8">
<subfield code="a">https://hdl.handle.net/10259/11169</subfield>
</datafield>
<datafield tag="024" ind2=" " ind1="8">
<subfield code="a">10.36443/9791387585174</subfield>
</datafield>
<datafield ind1=" " ind2=" " tag="653">
<subfield code="a">Ciencias</subfield>
</datafield>
<datafield ind1=" " ind2=" " tag="653">
<subfield code="a">Ingeniería y arquitectura</subfield>
</datafield>
<datafield ind1=" " ind2=" " tag="653">
<subfield code="a">Medio ambiente</subfield>
</datafield>
<datafield ind1=" " ind2=" " tag="653">
<subfield code="a">Medicina</subfield>
</datafield>
<datafield tag="245" ind1="0" ind2="0">
<subfield code="a">XI Jornadas de investigadoras de Castilla y León. La aventura de la ciencia y tecnología</subfield>
</datafield>
</record></metadata></record></GetRecord></OAI-PMH>